El carbón de la mina "La Negra," Villa Unión, La Rioja y su posición tectónica, (Record no. 28180)

MARC details
000 -LEADER
fixed length control field 00970cam a22002531 4500
001 - CONTROL NUMBER
control field gs 47000239
003 - CONTROL NUMBER IDENTIFIER
control field DLC
005 - DATE AND TIME OF LATEST TRANSACTION
control field 20260227111352.0
008 - FIXED-LENGTH DATA ELEMENTS--GENERAL INFORMATION
fixed length control field 891018s1946 ag abf 000 0 spa
010 ## - LIBRARY OF CONGRESS CONTROL NUMBER
LC control number gs 47000239
035 ## - SYSTEM CONTROL NUMBER
System control number (OCoLC)20507607
040 ## - CATALOGING SOURCE
Original cataloging agency DLC
Transcribing agency CU
Modifying agency CU
-- DLC
042 ## - AUTHENTICATION CODE
Authentication code premarc
050 00 - LIBRARY OF CONGRESS CALL NUMBER
Classification number QE231
Item number .A3 no. 60
051 ## - LIBRARY OF CONGRESS COPY, ISSUE, OFFPRINT STATEMENT
Classification number TN806.A7
Item number H4
Copy information Copy 2.
100 1# - MAIN ENTRY--PERSONAL NAME
Personal name Heim, Arnold,
Dates associated with a name 1882-1965.
245 13 - TITLE STATEMENT
Title El carbón de la mina "La Negra," Villa Unión, La Rioja y su posición tectónica,
Statement of responsibility, etc. por Arnold Heim ...
260 ## - PUBLICATION, DISTRIBUTION, ETC.
Place of publication, distribution, etc. Buenos Aires,
Date of publication, distribution, etc. 1946.
300 ## - PHYSICAL DESCRIPTION
Extent 19 p.
Other physical details illus. (map, profiles) IV pl.
Dimensions 27 cm.
410 10 - SERIES STATEMENT/ADDED ENTRY--CORPORATE NAME [OBSOLETE, CAN/MARC], [LOCAL, USA]
Corporate name or jurisdiction name as entry element Argentina.
Subordinate unit Dirección General de Minas y Geología.
Title of a work Boletín
Volume number/sequential designation no. 60
500 ## - GENERAL NOTE
General note At head of title: República argentina. Secretaría de industria y comercio. Dirección de minas, geología ...
650 #0 - SUBJECT ADDED ENTRY--TOPICAL TERM
Topical term or geographic name entry element Coal mines and mining
Geographic subdivision Argentina
-- La Rioja (Province)
650 #0 - SUBJECT ADDED ENTRY--TOPICAL TERM
Topical term or geographic name entry element Geology
Geographic subdivision Argentina
-- La Rioja (Province)

No items available.

Powered by Koha